Biggest Cities in Gujarat on a Map - Statistics

General Stats
  • This quiz has been taken 132 times
  • The average score is 12 of 25
Answers on the Map
Answers color-coded by a green-red scale on the quiz's map according to % correct below.
 
Answer Stats
Population City Name % Correct
6,357,693 Ahmedabad
97%
4,591,246 Surat
94%
1,822,221 Vadodara
77%
1,390,640 Rajkot
73%
605,882 Bhavnagar
58%
600,943 Jamnagar
56%
188,236 Bhuj
51%
633,793 Anand
50%
217,203 Porbandar
49%
319,462 Junagadh
46%
170,060 Valsad
44%
325,132 Nadiad
42%
163,630 Vapi
39%
223,647 Bharuch
38%
282,791 Navsari
38%
190,753 Mahesana
37%
251,859 Morbi
37%
177,851 Surendranagar
34%
247,992 Gandhidham
33%
133,737 Patan
33%
130,503 Dahod
31%
162,436 Godhra
31%
141,592 Palanpur
30%
139,578 Anklesvar
24%
185,797 Veraval
19%
No matching quizzes found
Score Distribution
Percent of People with Each Score
Percentile by Number Answered
Your Score History
You have not taken this quiz